[Event "World Chess Olympiad 2018"]
[Site "Batumi"]
[Date "2018.09.25"]
[Round "2"]
[Board "1"]
[WhiteFideId "13602853"]
[White "Tutisani Noe"]
[BlackFideId "2020009"]
[Black "Caruana Fabiano"]
[Result "1/2-1/2"]
[LiveChessVersion "1.4.8"]
[BlackElo "2827"]
[WhiteElo "2471"]

1. e4 {[%clk 1:30:55]} e5 {[%clk 1:30:49]} 2. Nf3 {[%clk 1:31:19]} Nc6
{[%clk 1:31:12]} 3. Bb5 {[%clk 1:31:43]} a6 {[%clk 1:31:19]} 4. Ba4
{[%clk 1:32:07]} g6 {[%clk 1:31:32]} 5. c3 {[%clk 1:28:17]} d6 {[%clk 1:30:36]}
6. d4 {[%clk 1:28:01]} Bd7 {[%clk 1:30:39]} 7. O-O {[%clk 1:28:22]} Bg7
{[%clk 1:30:53]} 8. Re1 {[%clk 1:28:27]} Nf6 {[%clk 1:30:10]} 9. Nbd2
{[%clk 1:28:36]} O-O {[%clk 1:29:39]} 10. Nf1 {[%clk 1:26:41]} Nh5
{[%clk 1:12:18]} 11. Ng3 {[%clk 1:17:35]} Nxg3 {[%clk 1:10:28]} 12. hxg3
{[%clk 1:17:30]} exd4 {[%clk 0:55:29]} 13. cxd4 {[%clk 1:08:42]} Bg4
{[%clk 0:55:40]} 14. Be3 {[%clk 1:07:11]} b5 {[%clk 0:53:15]} 15. Bb3
{[%clk 0:55:31]} Na5 {[%clk 0:53:26]} 16. Qc2 {[%clk 0:55:01]} Rc8
{[%clk 0:51:53]} 17. Qd2 {[%clk 0:52:47]} c5 {[%clk 0:39:09]} 18. Bd5
{[%clk 0:46:45]} Nc4 {[%clk 0:31:56]} 19. Bxc4 {[%clk 0:45:32]} bxc4
{[%clk 0:32:20]} 20. Rac1 {[%clk 0:45:35]} d5 {[%clk 0:24:11]} 21. dxc5
{[%clk 0:30:27]} dxe4 {[%clk 0:24:22]} 22. Qxd8 {[%clk 0:27:00]} Rfxd8
{[%clk 0:24:42]} 23. Nd2 {[%clk 0:27:22]} c3 {[%clk 0:18:52]} 24. bxc3
{[%clk 0:27:14]} Be6 {[%clk 0:17:59]} 25. Nxe4 {[%clk 0:22:01]} Bxa2
{[%clk 0:18:24]} 26. Ra1 {[%clk 0:21:41]} Bd5 {[%clk 0:14:19]} 27. Bg5
{[%clk 0:21:04]} Re8 {[%clk 0:12:32]} 28. Nf6+ {[%clk 0:17:43]} Bxf6
{[%clk 0:12:57]} 29. Bxf6 {[%clk 0:17:09]} Rxe1+ {[%clk 0:12:51]} 30. Rxe1
{[%clk 0:17:34]} a5 {[%clk 0:12:30]} 31. Ra1 {[%clk 0:15:28]} Ra8
{[%clk 0:10:10]} 32. c4 {[%clk 0:12:08]} Bxc4 {[%clk 0:07:43]} 33. c6
{[%clk 0:12:00]} Be6 {[%clk 0:08:10]} 34. c7 {[%clk 0:11:42]} h6 {[%clk 0:08:31]}
35. Ra4 {[%clk 0:08:55]} Rc8 {[%clk 0:05:16]} 36. Be5 {[%clk 0:08:42]} f6
{[%clk 0:05:03]} 37. Bd6 {[%clk 0:07:34]} Ra8 {[%clk 0:05:15]} 38. Bb4
{[%clk 0:07:16]} Kf7 {[%clk 0:03:18]} 39. Rxa5 {[%clk 0:05:57]} Rxa5
{[%clk 0:03:42]} 40. Bxa5 {[%clk 0:35:22]} Bc8 {[%clk 0:32:20]} 41. f3
{[%clk 0:30:35]} h5 {[%clk 0:32:29]} 42. Kf2 {[%clk 0:30:36]} g5 {[%clk 0:32:03]}
43. Bc3 {[%clk 0:30:23]} g4 {[%clk 0:31:52]} 44. Ke3 {[%clk 0:29:38]} Ke6
{[%clk 0:32:10]} 45. Kf2 {[%clk 0:29:31]} f5 {[%clk 0:32:27]} 46. Bd2
{[%clk 0:29:32]} Kd7 {[%clk 0:32:40]} 47. Bf4 {[%clk 0:29:55]} Ba6
{[%clk 0:32:13]} 48. Ke3 {[%clk 0:29:25]} Bf1 {[%clk 0:32:33]} 49. Kf2
{[%clk 0:29:37]} 1/2-1/2

[Event "World Chess Olympiad 2018"]
[Site "Batumi"]
[Date "2018.09.25"]
[Round "2"]
[Board "1"]
[WhiteFideId "14109603"]
[White "Karjakin Sergey"]
[BlackFideId "2500914"]
[Black "Baburin Alexander"]
[Result "1/2-1/2"]
[LiveChessVersion "1.4.8"]
[BlackElo "2452"]
[WhiteElo "2760"]

1. e4 {[%clk 1:30:58]} Nf6 {[%clk 1:30:55]} 2. e5 {[%clk 1:31:25]} Nd5
{[%clk 1:31:20]} 3. d4 {[%clk 1:31:51]} d6 {[%clk 1:31:43]} 4. Nf3
{[%clk 1:32:16]} dxe5 {[%clk 1:32:06]} 5. Nxe5 {[%clk 1:32:42]} c6
{[%clk 1:32:29]} 6. Be2 {[%clk 1:33:05]} g6 {[%clk 1:32:39]} 7. c4
{[%clk 1:30:03]} Nc7 {[%clk 1:32:22]} 8. O-O {[%clk 1:28:58]} Bg7
{[%clk 1:31:29]} 9. f4 {[%clk 1:29:22]} O-O {[%clk 1:30:22]} 10. Nc3
{[%clk 1:29:26]} Nd7 {[%clk 1:30:34]} 11. Be3 {[%clk 1:22:06]} Nxe5
{[%clk 1:28:11]} 12. fxe5 {[%clk 1:22:07]} f6 {[%clk 1:28:34]} 13. exf6
{[%clk 1:21:06]} exf6 {[%clk 1:24:41]} 14. Qb3 {[%clk 1:19:22]} f5
{[%clk 1:23:04]} 15. Rad1 {[%clk 1:19:17]} Re8 {[%clk 1:21:52]} 16. Bf2
{[%clk 1:19:08]} Be6 {[%clk 1:15:13]} 17. Qxb7 {[%clk 1:09:47]} Rb8
{[%clk 1:15:31]} 18. Qxc6 {[%clk 1:08:16]} Rxb2 {[%clk 1:13:52]} 19. Qf3
{[%clk 0:55:57]} Bf7 {[%clk 1:07:13]} 20. Qd3 {[%clk 0:36:20]} Ne6
{[%clk 0:56:18]} 21. Be3 {[%clk 0:32:33]} Nc5 {[%clk 0:46:49]} 22. dxc5
{[%clk 0:32:55]} Qxd3 {[%clk 0:47:13]} 23. Rxd3 {[%clk 0:32:52]} Bxc3
{[%clk 0:47:00]} 24. Rxc3 {[%clk 0:33:00]} Rxe2 {[%clk 0:47:04]} 25. Bf4
{[%clk 0:33:27]} Rc8 {[%clk 0:38:36]} 26. Bd6 {[%clk 0:33:51]} Be8
{[%clk 0:38:36]} 27. Rg3 {[%clk 0:27:56]} Rxa2 {[%clk 0:35:43]} 28. Rxf5
{[%clk 0:27:33]} Bc6 {[%clk 0:31:04]} 29. Re5 {[%clk 0:26:16]} a5
{[%clk 0:28:47]} 30. h4 {[%clk 0:26:41]} Re8 {[%clk 0:18:30]} 31. Rxe8+
{[%clk 0:25:34]} Bxe8 {[%clk 0:18:50]} 32. h5 {[%clk 0:12:37]} Bc6
{[%clk 0:12:19]} 33. h6 {[%clk 0:10:41]} a4 {[%clk 0:10:05]} 34. Re3
{[%clk 0:10:52]} Rxg2+ {[%clk 0:10:00]} 35. Kf1 {[%clk 0:11:21]} Rg5
{[%clk 0:09:48]} 36. Ke2 {[%clk 0:09:42]} Rf5 {[%clk 0:08:35]} 37. Kd2
{[%clk 0:07:14]} Rf2+ {[%clk 0:05:41]} 38. Kc1 {[%clk 0:07:38]} Rf1+
{[%clk 0:05:43]} 39. Kb2 {[%clk 0:07:22]} Rf2+ {[%clk 0:05:27]} 40. Ka3
{[%clk 0:37:11]} Rf3 {[%clk 0:35:08]} 41. Rxf3 {[%clk 0:37:35]} Bxf3
{[%clk 0:35:33]} 42. Kxa4 {[%clk 0:38:02]} Kf7 {[%clk 0:35:33]} 43. Kb5
{[%clk 0:38:12]} Ke6 {[%clk 0:35:37]} 44. Bf4 {[%clk 0:38:35]} g5
{[%clk 0:34:19]} 45. Bxg5 {[%clk 0:38:47]} Kd7 {[%clk 0:34:44]} 46. Kb6
{[%clk 0:39:05]} Kc8 {[%clk 0:34:46]} 47. c6 {[%clk 0:39:24]} Be4
{[%clk 0:35:03]} 48. c7 {[%clk 0:39:49]} Bb1 {[%clk 0:35:17]} 49. Kc6
{[%clk 0:40:12]} Bc2 {[%clk 0:35:38]} 50. Kd6 {[%clk 0:40:38]} Bb1
{[%clk 0:35:56]} 51. c5 {[%clk 0:41:03]} Bc2 {[%clk 0:36:11]} 52. Bf4
{[%clk 0:41:28]} Bb1 {[%clk 0:36:27]} 53. Ke7 {[%clk 0:41:53]} Bc2
{[%clk 0:36:42]} 54. Kf6 {[%clk 0:42:18]} Bb1 {[%clk 0:37:05]} 55. Kg7
{[%clk 0:42:45]} Bc2 {[%clk 0:37:25]} 56. c6 {[%clk 0:43:11]} Bb1
{[%clk 0:37:42]} 1/2-1/2

[Event "World Chess Olympiad 2018"]
[Site "Batumi"]
[Date "2018.09.25"]
[Round "2"]
[Board "2"]
[WhiteFideId "2501430"]
[White "Astaneh Lopez Alex"]
[BlackFideId "4168119"]
[Black "Nepomniachtchi Ian"]
[Result "0-1"]
[LiveChessVersion "1.4.8"]
[BlackElo "2768"]
[WhiteElo "2433"]

1. b3 {[%clk 1:30:40]} e5 {[%clk 1:30:29]} 2. Bb2 {[%clk 1:31:06]} Nc6
{[%clk 1:30:52]} 3. e3 {[%clk 1:31:20]} Nf6 {[%clk 1:28:52]} 4. Nf3
{[%clk 1:29:06]} e4 {[%clk 1:24:21]} 5. Nd4 {[%clk 1:29:25]} Bc5 {[%clk 1:23:07]}
6. Nf5 {[%clk 1:16:41]} g6 {[%clk 1:18:34]} 7. Ng3 {[%clk 1:14:11]} d5
{[%clk 1:18:58]} 8. d3 {[%clk 1:13:48]} Qe7 {[%clk 1:11:10]} 9. dxe4
{[%clk 1:10:01]} dxe4 {[%clk 1:11:35]} 10. Nd2 {[%clk 1:03:39]} Ba3
{[%clk 1:11:45]} 11. Bxa3 {[%clk 0:52:35]} Qxa3 {[%clk 1:12:01]} 12. Ndxe4
{[%clk 0:44:21]} Nxe4 {[%clk 1:11:27]} 13. Nxe4 {[%clk 0:44:39]} Qb4+
{[%clk 1:10:53]} 14. Nd2 {[%clk 0:45:02]} Bf5 {[%clk 1:10:36]} 15. Bd3
{[%clk 0:28:16]} O-O-O {[%clk 1:10:40]} 16. a3 {[%clk 0:28:24]} Qc3
{[%clk 1:10:31]} 17. O-O {[%clk 0:28:04]} Ne5 {[%clk 1:04:07]} 18. e4
{[%clk 0:25:45]} Be6 {[%clk 1:03:26]} 19. Ra2 {[%clk 0:17:11]} Nxd3
{[%clk 1:02:37]} 20. cxd3 {[%clk 0:17:37]} Rxd3 {[%clk 1:02:53]} 21. Rc2
{[%clk 0:17:02]} Qxb3 {[%clk 1:02:00]} 22. Qc1 {[%clk 0:15:40]} Qxa3
{[%clk 0:58:56]} 23. Rxc7+ {[%clk 0:13:27]} Kb8 0-1

[Event "World Chess Olympiad 2018"]
[Site "Batumi"]
[Date "2018.09.25"]
[Round "2"]
[Board "3"]
[WhiteFideId "4152956"]
[White "Vitiugov Nikita"]
[BlackFideId "2504243"]
[Black "O`Donnell Conor"]
[Result "1-0"]
[LiveChessVersion "1.4.8"]
[BlackElo "2360"]
[WhiteElo "2726"]

1. e4 {[%clk 1:30:51]} c6 {[%clk 1:30:50]} 2. d4 {[%clk 1:31:14]} d5
{[%clk 1:31:14]} 3. e5 {[%clk 1:31:33]} c5 {[%clk 1:31:30]} 4. dxc5
{[%clk 1:30:30]} e6 {[%clk 1:31:45]} 5. Bd3 {[%clk 1:30:16]} Bxc5
{[%clk 1:30:30]} 6. Qg4 {[%clk 1:29:57]} Ne7 {[%clk 1:29:16]} 7. b4
{[%clk 1:29:03]} Bb6 {[%clk 1:25:25]} 8. Nf3 {[%clk 1:28:04]} a5 {[%clk 1:12:27]}
9. b5 {[%clk 1:24:56]} Ng6 {[%clk 0:58:52]} 10. h4 {[%clk 1:20:16]} f5
{[%clk 0:57:20]} 11. Qg3 {[%clk 1:19:35]} O-O {[%clk 0:54:45]} 12. h5
{[%clk 1:14:07]} Nh8 {[%clk 0:52:58]} 13. Bh6 {[%clk 1:03:48]} Qe7
{[%clk 0:46:04]} 14. Bg5 {[%clk 0:55:31]} Qb4+ {[%clk 0:41:19]} 15. Nbd2
{[%clk 0:54:51]} Qg4 {[%clk 0:36:48]} 16. Qh2 {[%clk 0:52:40]} Nd7
{[%clk 0:26:56]} 17. Bf4 {[%clk 0:46:15]} Nc5 {[%clk 0:24:15]} 18. Be2
{[%clk 0:43:40]} Ne4 {[%clk 0:22:24]} 19. Rf1 {[%clk 0:43:00]} Nc3
{[%clk 0:19:40]} 20. Ng1 {[%clk 0:42:26]} Nxe2 {[%clk 0:19:31]} 21. Nxe2
{[%clk 0:42:51]} g6 {[%clk 0:16:26]} 22. hxg6 {[%clk 0:38:11]} Qxg6
{[%clk 0:16:53]} 23. a4 {[%clk 0:38:31]} Bd7 {[%clk 0:16:25]} 24. Ra3
{[%clk 0:38:34]} Qf7 {[%clk 0:15:34]} 25. Rh1 {[%clk 0:38:45]} Rfe8
{[%clk 0:07:41]} 26. Rh3 {[%clk 0:38:32]} Re7 {[%clk 0:08:03]} 27. Nf3
{[%clk 0:38:06]} Qg7 {[%clk 0:05:59]} 28. Ng5 {[%clk 0:37:51]} 1-0

[Event "World Chess Olympiad 2018"]
[Site "Batumi"]
[Date "2018.09.25"]
[Round "2"]
[Board "4"]
[WhiteFideId "603767"]
[White "Bauer Christian"]
[BlackFideId "101710"]
[Black "Rodi Luis Ernesto"]
[Result "1-0"]
[LiveChessVersion "1.4.8"]
[BlackElo "2308"]
[WhiteElo "2629"]

1. b3 {[%clk 1:30:56]} e5 {[%clk 1:30:48]} 2. Bb2 {[%clk 1:31:20]} Nc6
{[%clk 1:31:10]} 3. e3 {[%clk 1:31:44]} Nf6 {[%clk 1:31:29]} 4. Bb5
{[%clk 1:31:57]} Bd6 {[%clk 1:31:50]} 5. Na3 {[%clk 1:32:05]} Na5
{[%clk 1:31:59]} 6. Be2 {[%clk 1:32:17]} a6 {[%clk 1:32:08]} 7. c4
{[%clk 1:32:29]} Qe7 {[%clk 1:29:49]} 8. Nc2 {[%clk 1:32:42]} c5 {[%clk 1:26:36]}
9. d4 {[%clk 1:15:44]} Nc6 {[%clk 1:11:22]} 10. Nf3 {[%clk 1:10:50]} O-O
{[%clk 1:04:47]} 11. O-O {[%clk 1:06:21]} Re8 {[%clk 1:01:10]} 12. dxe5
{[%clk 0:54:26]} Nxe5 {[%clk 0:51:27]} 13. Nh4 {[%clk 0:52:43]} Bc7
{[%clk 0:51:12]} 14. f4 {[%clk 0:49:32]} Nc6 {[%clk 0:51:09]} 15. Nf5
{[%clk 0:48:44]} Qd8 {[%clk 0:50:07]} 16. g4 {[%clk 0:28:48]} d5 {[%clk 0:40:27]}
17. Nxg7 {[%clk 0:28:31]} Kxg7 {[%clk 0:40:45]} 18. cxd5 {[%clk 0:28:23]} Ne5
{[%clk 0:40:43]} 19. d6 {[%clk 0:26:44]} Nexg4 {[%clk 0:37:05]} 20. dxc7
{[%clk 0:24:18]} Qxd1 {[%clk 0:37:28]} 21. Raxd1 {[%clk 0:24:17]} Bf5
{[%clk 0:37:47]} 22. Bxg4 {[%clk 0:21:13]} Bxg4 {[%clk 0:34:55]} 23. Rd6
{[%clk 0:21:27]} Re6 {[%clk 0:35:18]} 24. Rd8 {[%clk 0:21:21]} Re8
{[%clk 0:35:42]} 25. Rxa8 {[%clk 0:17:50]} Rxa8 {[%clk 0:36:06]} 26. e4
{[%clk 0:15:10]} Rg8 {[%clk 0:26:58]} 27. Kf2 {[%clk 0:12:43]} Kg6
{[%clk 0:26:38]} 28. f5+ {[%clk 0:11:06]} Kg5 {[%clk 0:26:44]} 29. h4+
{[%clk 0:11:20]} 1-0

[Event "Wolrd Chess Olympiad 2018"]
[Site "Batumi"]
[Date "2018.09.25"]
[Round "2"]
[Board "1"]
[WhiteFideId "21300020"]
[White "Klaas Tokelo"]
[BlackFideId "7603991"]
[Black "Gnaam Koteba."]
[Result "0-1"]
[LiveChessVersion "1.4.8"]
[BlackElo "2061"]
[WhiteElo "1827"]

1. d4 {[%clk 1:30:14]} d5 {[%clk 1:30:50]} 2. Nf3 {[%clk 1:29:45]} Nf6
{[%clk 1:31:00]} 3. g3 {[%clk 1:29:26]} c6 {[%clk 1:29:45]} 4. Bg2
{[%clk 1:28:51]} e6 {[%clk 1:29:10]} 5. O-O {[%clk 1:29:07]} Bd6 {[%clk 1:29:36]}
6. Nbd2 {[%clk 1:28:47]} Nbd7 {[%clk 1:29:50]} 7. c4 {[%clk 1:28:48]} O-O
{[%clk 1:29:55]} 8. b3 {[%clk 1:27:50]} e5 {[%clk 1:15:48]} 9. cxd5
{[%clk 1:22:30]} cxd5 {[%clk 1:15:18]} 10. dxe5 {[%clk 1:22:35]} Nxe5
{[%clk 1:14:46]} 11. Bb2 {[%clk 1:22:51]} Nc6 {[%clk 1:12:10]} 12. Rc1
{[%clk 1:20:19]} Re8 {[%clk 1:11:44]} 13. e3 {[%clk 1:20:12]} Nb4
{[%clk 1:08:16]} 14. a4 {[%clk 1:07:12]} Nd3 {[%clk 1:04:48]} 15. Bxf6
{[%clk 1:06:01]} Qxf6 {[%clk 1:04:18]} 16. Rc2 {[%clk 1:05:40]} Nb4
{[%clk 1:03:26]} 17. Rc1 {[%clk 1:04:58]} Bf5 {[%clk 1:00:49]} 18. Nd4
{[%clk 0:59:24]} Bd3 {[%clk 0:56:09]} 19. Re1 {[%clk 0:58:27]} Bg6
{[%clk 0:52:16]} 20. Bf1 {[%clk 0:51:35]} a6 {[%clk 0:37:25]} 21. N2f3
{[%clk 0:47:47]} Na2 {[%clk 0:36:13]} 22. Ra1 {[%clk 0:45:10]} Nc3
{[%clk 0:35:55]} 23. Qd2 {[%clk 0:44:26]} Ne4 24. Qb2 Bh5 {[%clk 0:33:12]} 25.
Bg2 {[%clk 0:44:43]} Bc5 {[%clk 0:31:24]} 26. b4 {[%clk 0:35:28]} Ba7
{[%clk 0:28:05]} 27. Qa2 {[%clk 0:34:58]} Rad8 {[%clk 0:24:34]} 28. Rac1
{[%clk 0:34:51]} g5 {[%clk 0:14:08]} 29. h3 {[%clk 0:27:03]} g4 {[%clk 0:10:34]}
30. hxg4 {[%clk 0:20:34]} Bxg4 {[%clk 0:10:57]} 31. Nh2 {[%clk 0:19:52]} Bc8
{[%clk 0:10:13]} 32. Nhf3 {[%clk 0:18:57]} Kh8 {[%clk 0:10:17]} 33. Ne2
{[%clk 0:18:36]} Nxf2 {[%clk 0:05:59]} 34. Qa1 {[%clk 0:11:18]} Qxa1
{[%clk 0:06:00]} 35. Rxa1 {[%clk 0:11:43]} Bxe3 {[%clk 0:06:10]} 36. Kf1
{[%clk 0:10:19]} Ne4 {[%clk 0:05:40]} 37. Red1 {[%clk 0:09:35]} Bg4
{[%clk 0:05:24]} 38. Ra3 {[%clk 0:08:53]} Ba7 {[%clk 0:05:32]} 39. Nfd4
{[%clk 0:06:44]} Ng5 {[%clk 0:04:34]} 40. Nf3 {[%clk 0:34:47]} Ne4
{[%clk 0:33:43]} 41. Nfd4 {[%clk 0:34:49]} Re7 {[%clk 0:31:43]} 42. Bf3
{[%clk 0:33:47]} Bh3+ {[%clk 0:28:48]} 43. Bg2 {[%clk 0:33:44]} Bxg2+
{[%clk 0:28:58]} 44. Kxg2 {[%clk 0:34:04]} Rg8 {[%clk 0:27:50]} 45. Nf5
{[%clk 0:29:18]} Rd7 {[%clk 0:25:43]} 46. Rad3 {[%clk 0:24:32]} Rgd8
{[%clk 0:24:43]} 47. Ned4 {[%clk 0:24:02]} Bxd4 {[%clk 0:23:44]} 48. Nxd4
{[%clk 0:21:32]} Kg7 {[%clk 0:22:49]} 49. Rf1 {[%clk 0:19:00]} Kg6
{[%clk 0:22:06]} 50. Rf4 {[%clk 0:18:30]} Ng5 {[%clk 0:17:15]} 51. Nf5
{[%clk 0:15:16]} f6 {[%clk 0:17:10]} 52. g4 {[%clk 0:14:13]} Kf7 {[%clk 0:13:15]}
53. Re3 {[%clk 0:13:06]} Ne4 {[%clk 0:12:52]} 54. Rh3 {[%clk 0:12:30]} Ke6
{[%clk 0:12:14]} 55. Rd3 {[%clk 0:11:25]} Ke5 {[%clk 0:12:06]} 56. Kf3
{[%clk 0:10:22]} Rc7 {[%clk 0:11:19]} 57. Ne3 {[%clk 0:10:02]} Ng5+
{[%clk 0:09:32]} 58. Kg3 {[%clk 0:10:22]} d4 {[%clk 0:09:38]} 59. Nf5
{[%clk 0:08:24]} Rc3 {[%clk 0:08:48]} 60. Rxc3 {[%clk 0:07:06]} dxc3
{[%clk 0:09:08]} 61. Rc4 {[%clk 0:06:55]} Ne4+ {[%clk 0:08:45]} 62. Kg2
{[%clk 0:06:39]} h5 {[%clk 0:07:11]} 63. Ng3 {[%clk 0:04:51]} Rd2+
{[%clk 0:06:45]} 64. Kh3 {[%clk 0:04:04]} Ng5+ {[%clk 0:06:44]} 0-1

[Event "World Chess Olympiad 2018"]
[Site "Batumi"]
[Date "2018.09.25"]
[Round "2"]
[Board "1"]
[WhiteFideId "11503017"]
[White "Miqdad Fadi"]
[BlackFideId "14114496"]
[Black "Yarmonov Igor"]
[Result "1/2-1/2"]
[LiveChessVersion "1.4.8"]
[BlackElo "2376"]
[WhiteElo "1964"]

1. d4 {[%clk 1:30:29]} d5 {[%clk 1:30:54]} 2. Bf4 {[%clk 1:30:32]} e6
{[%clk 1:31:01]} 3. e3 {[%clk 1:30:21]} Bd6 {[%clk 1:31:23]} 4. Bg3
{[%clk 1:29:54]} Qe7 {[%clk 1:30:55]} 5. Nf3 {[%clk 1:29:30]} Nd7
{[%clk 1:31:08]} 6. Bd3 {[%clk 1:26:39]} c6 {[%clk 1:24:51]} 7. O-O
{[%clk 1:24:04]} Bxg3 {[%clk 1:24:13]} 8. hxg3 {[%clk 1:24:15]} e5
{[%clk 1:21:52]} 9. e4 {[%clk 1:16:39]} f5 {[%clk 1:18:19]} 10. exd5
{[%clk 1:10:35]} e4 {[%clk 1:18:45]} 11. dxc6 {[%clk 1:10:11]} bxc6
{[%clk 1:19:09]} 12. Bc4 {[%clk 1:07:34]} Kf8 {[%clk 1:11:23]} 13. Ne5
{[%clk 0:57:36]} Nxe5 {[%clk 1:10:55]} 14. dxe5 {[%clk 0:57:39]} Be6
{[%clk 1:10:19]} 15. Na3 {[%clk 0:54:53]} Nh6 {[%clk 1:09:40]} 16. Qe2
{[%clk 0:53:19]} Kf7 {[%clk 1:02:07]} 17. Qh5+ {[%clk 0:50:51]} Kg8
{[%clk 1:02:32]} 18. Rfd1 {[%clk 0:48:32]} Nf7 {[%clk 0:59:53]} 19. Qh4
{[%clk 0:32:12]} g5 {[%clk 0:58:29]} 20. Qh5 {[%clk 0:31:46]} Kg7
{[%clk 0:58:53]} 21. Rd2 {[%clk 0:29:51]} Rhd8 {[%clk 0:55:46]} 22. Rad1
{[%clk 0:29:00]} h6 {[%clk 0:55:06]} 23. Rxd8 {[%clk 0:26:25]} Rxd8
{[%clk 0:55:32]} 24. Rxd8 {[%clk 0:26:47]} Nxd8 {[%clk 0:55:21]} 25. Qd1
{[%clk 0:26:40]} Qd7 {[%clk 0:52:42]} 26. Qxd7+ {[%clk 0:24:52]} Bxd7
{[%clk 0:53:08]} 27. f3 {[%clk 0:23:00]} exf3 {[%clk 0:44:11]} 28. gxf3
{[%clk 0:22:56]} f4 {[%clk 0:44:24]} 29. Kf2 {[%clk 0:19:55]} h5 {[%clk 0:35:34]}
30. gxf4 {[%clk 0:18:47]} gxf4 {[%clk 0:36:00]} 31. c3 {[%clk 0:17:21]} Kg6
{[%clk 0:23:45]} 32. Bd3+ {[%clk 0:11:25]} Bf5 {[%clk 0:23:56]} 33. Bc4
{[%clk 0:11:31]} Be6 {[%clk 0:16:49]} 34. Bd3+ {[%clk 0:11:01]} Kg5
{[%clk 0:16:37]} 35. Bc4 {[%clk 0:04:07]} Kf5 {[%clk 0:13:45]} 36. Bxe6+
{[%clk 0:03:54]} Kxe6 {[%clk 0:11:46]} 37. Nc4 {[%clk 0:04:04]} Nf7
{[%clk 0:08:14]} 38. a4 {[%clk 0:03:48]} c5 {[%clk 0:06:33]} 39. b3
{[%clk 0:03:40]} h4 {[%clk 0:04:05]} 40. b4 {[%clk 0:32:27]} Kd5 {[%clk 0:31:43]}
41. e6 {[%clk 0:31:15]} Kxe6 {[%clk 0:32:09]} 42. b5 {[%clk 0:31:16]} Kd7
{[%clk 0:23:33]} 43. Kg2 {[%clk 0:26:31]} Ng5 {[%clk 0:23:59]} 44. Ne5+
{[%clk 0:22:59]} Kc7 {[%clk 0:24:26]} 45. a5 {[%clk 0:19:52]} c4 {[%clk 0:23:12]}
46. Nxc4 {[%clk 0:17:31]} h3+ {[%clk 0:23:37]} 47. Kh2 {[%clk 0:17:51]} Nxf3+
{[%clk 0:23:26]} 48. Kxh3 {[%clk 0:18:08]} Ng5+ {[%clk 0:23:27]} 49. Kg4
{[%clk 0:16:34]} Ne4 {[%clk 0:23:51]} 50. Kxf4 {[%clk 0:16:46]} Nxc3
{[%clk 0:23:52]} 51. Na3 {[%clk 0:16:27]} Kd6 {[%clk 0:22:39]} 52. a6
{[%clk 0:12:13]} Kc5 {[%clk 0:22:53]} 1/2-1/2

[Event "Wolrd Chess Olympiad 2018"]
[Site "Batumi"]
[Date "2018.09.25"]
[Round "2"]
[Board "1"]
[WhiteFideId "14306352"]
[White "Lima Osvaldo Dos Santos"]
[BlackFideId "12200875"]
[Black "Tagelsir Abubaker"]
[Result "0-1"]
[LiveChessVersion "1.4.8"]
[BlackElo "2236"]
[WhiteElo "1803"]

1. c4 {[%clk 1:30:47]} Nf6 {[%clk 1:30:53]} 2. Nc3 {[%clk 1:30:56]} g6
{[%clk 1:31:15]} 3. g3 {[%clk 1:30:39]} Bg7 {[%clk 1:31:38]} 4. Bg2
{[%clk 1:30:30]} d6 {[%clk 1:31:47]} 5. d4 {[%clk 1:28:29]} O-O {[%clk 1:32:09]}
6. e3 {[%clk 1:25:11]} Nbd7 {[%clk 1:26:36]} 7. Nge2 {[%clk 1:23:32]} c6
{[%clk 1:26:12]} 8. b3 {[%clk 1:21:39]} Qc7 {[%clk 1:23:39]} 9. O-O
{[%clk 1:20:38]} Re8 {[%clk 1:23:04]} 10. Bb2 {[%clk 1:14:06]} Nf8
{[%clk 1:22:19]} 11. Qd2 {[%clk 1:12:12]} Bd7 {[%clk 1:14:59]} 12. Rac1
{[%clk 1:08:28]} Rad8 {[%clk 1:06:11]} 13. Rfd1 {[%clk 1:07:21]} e5
{[%clk 1:05:39]} 14. d5 {[%clk 1:06:41]} c5 {[%clk 1:05:49]} 15. e4
{[%clk 1:04:22]} a6 {[%clk 1:05:16]} 16. Re1 {[%clk 0:47:38]} Qc8
{[%clk 1:00:01]} 17. Nd1 {[%clk 0:39:33]} Bh3 {[%clk 0:57:41]} 18. Nec3
{[%clk 0:39:29]} h5 {[%clk 0:56:28]} 19. f3 {[%clk 0:37:35]} Bd7 {[%clk 0:52:39]}
20. Nf2 {[%clk 0:36:13]} b5 {[%clk 0:50:56]} 21. cxb5 {[%clk 0:35:18]} axb5
{[%clk 0:51:13]} 22. a4 {[%clk 0:33:49]} Qb7 {[%clk 0:49:28]} 23. Bf1
{[%clk 0:32:36]} bxa4 {[%clk 0:49:28]} 24. bxa4 {[%clk 0:31:39]} Ra8
{[%clk 0:48:06]} 25. Ra1 {[%clk 0:26:09]} Reb8 {[%clk 0:47:19]} 26. Bb5
{[%clk 0:20:12]} Ne8 {[%clk 0:42:10]} 27. Reb1 {[%clk 0:19:09]} Qc8
{[%clk 0:41:00]} 28. Bc1 {[%clk 0:14:07]} Nc7 {[%clk 0:40:06]} 29. Bxd7
{[%clk 0:12:41]} Nxd7 {[%clk 0:40:09]} 30. Rxb8 {[%clk 0:12:33]} Rxb8
{[%clk 0:38:00]} 31. a5 {[%clk 0:12:26]} Qa6 {[%clk 0:37:54]} 32. Qe2
{[%clk 0:09:29]} Bf6 {[%clk 0:31:43]} 33. Qxa6 {[%clk 0:08:17]} Nxa6
{[%clk 0:32:08]} 34. Bd2 {[%clk 0:07:25]} Bd8 {[%clk 0:31:10]} 35. Nfd1
{[%clk 0:07:29]} Kf8 {[%clk 0:30:48]} 36. Ne3 {[%clk 0:05:54]} Ke7
{[%clk 0:30:21]} 37. Kf1 {[%clk 0:05:15]} Rb7 {[%clk 0:25:17]} 38. Ke1
{[%clk 0:04:33]} Ndb8 {[%clk 0:25:16]} 39. Nc4 {[%clk 0:04:13]} Rb4
{[%clk 0:21:44]} 40. Ne3 {[%clk 0:34:08]} Rb3 {[%clk 0:50:28]} 41. Kd1
{[%clk 0:32:59]} Kd7 {[%clk 0:44:38]} 42. Kc2 {[%clk 0:32:53]} Rb7
{[%clk 0:45:03]} 43. Na4 {[%clk 0:31:17]} Nb4+ {[%clk 0:39:21]} 44. Bxb4
{[%clk 0:31:25]} Rxb4 {[%clk 0:39:44]} 45. Nb2 {[%clk 0:30:47]} Na6
{[%clk 0:40:01]} 46. Nec4 {[%clk 0:30:05]} Bc7 {[%clk 0:39:32]} 47. Kc3
{[%clk 0:29:13]} Rb8 {[%clk 0:31:25]} 48. Na4 {[%clk 0:29:34]} Rb5
{[%clk 0:30:33]} 49. h3 {[%clk 0:26:43]} Ke7 {[%clk 0:30:14]} 50. Nab6
{[%clk 0:26:16]} Kd8 {[%clk 0:28:57]} 51. f4 {[%clk 0:22:14]} exf4
{[%clk 0:16:05]} 52. gxf4 {[%clk 0:22:08]} Bb8 {[%clk 0:11:36]} 53. e5
{[%clk 0:21:04]} dxe5 {[%clk 0:05:24]} 54. fxe5 {[%clk 0:21:32]} Nb4
{[%clk 0:05:23]} 55. d6 {[%clk 0:19:14]} Nc6 {[%clk 0:04:49]} 56. a6
{[%clk 0:17:19]} Ba7 {[%clk 0:04:33]} 57. Nd5 {[%clk 0:17:01]} Nd4
{[%clk 0:03:42]} 58. Nd2 {[%clk 0:06:43]} c4 {[%clk 0:03:33]} 59. Nc7
{[%clk 0:03:52]} Rxe5 {[%clk 0:03:02]} 60. Nxc4 {[%clk 0:04:07]} Rf5
{[%clk 0:01:59]} 61. Na5 {[%clk 0:03:57]} Kd7 {[%clk 0:02:10]} 62. Nc4
{[%clk 0:03:39]} Rf3+ {[%clk 0:02:20]} 63. Kb2 {[%clk 0:02:37]} Rb3+
{[%clk 0:02:03]} 64. Ka2 {[%clk 0:02:46]} Rc3 {[%clk 0:02:19]} 65. Na3
{[%clk 0:01:39]} Rc6 {[%clk 0:02:39]} 66. Ncb5 {[%clk 0:01:01]} Rxa6
{[%clk 0:02:24]} 67. Nxd4 {[%clk 0:00:33]} Bxd4 {[%clk 0:02:46]} 68. Rd1
{[%clk 0:00:57]} Bc5 {[%clk 0:03:10]} 69. Rd3 {[%clk 0:01:25]} Bxd6
{[%clk 0:03:31]} 70. Kb2 {[%clk 0:00:41]} Rxa3 {[%clk 0:03:57]} 0-1